Manuel d'instructions pour l'emission des documents de passage

Gardado en:
Detalles Bibliográficos
Autor Corporativo: IATA (Author)
Formato: Libro
Idioma:inglés
Publicado: Montreal IATA 1981
Subjects:
Tags: Engadir etiqueta
Sen Etiquetas, Sexa o primeiro en etiquetar este rexistro!

MARC

LEADER 00000nam a2200000 a 4500
001 UCU6626
003 CL-VaPUC
008 960621e19810000CN |||||||||||||||||eng|d
082 0 4 |a 343.097  |b IAT  |2 21 
110 2 |a IATA  |e author  |9 364921 
245 1 0 |a Manuel d'instructions pour l'emission des documents de passage 
300 |a 85 p 
942 |c BK 
945 |d 19960621 00:00:00  |a lriquelm 
260 |a Montreal  |b IATA  |c 1981 
650 7 |a TRANSPORTE  |2 CL-VaPUC  |9 256365 
650 0 |a Transportes aéreos  |9 260842 
650 7 |a TRANSPORTE DE PASAJEROS  |2 CL-VaPUC  |9 260885 
650 7 |a LEGISLACION  |2 CL-VaPUC  |9 364922 
583 |a last modification  |c 19960621 00:00:00  |k Rodrigo Vera 
999 |c 249475  |d 249473 
952 |0 0  |1 0  |4 0  |6 343_097000000000000_IAT_1981  |7 0  |8 A  |9 266749  |a BIBING  |b BIBING  |d 2019-11-19  |i 168762K  |o 343.097 IAT 1981  |p 168762K  |r 2025-01-20  |w 2019-11-19  |y BK  |k TRA